| 000 | 01105cam a2200229 4500 | ||
|---|---|---|---|
| 001 | WB3639-33 | ||
| 008 | 000000n2000 000 0 eng u | ||
| 035 | _a(Sirsi) u108621 | ||
| 245 | _aIssues affecting property managers | ||
| 260 | _c2000 | ||
| 490 |
_aProperty Week _v(6538) 29 September 2000, 8(2) |
||
| 520 | _aCoverage of a property forum event for property managers. Predicts that big company managers will have less say in the decision-making process in the future; describes how property managers now face increased scrutiny because of changes in accountancy laws; looks at the reluctance of occupiers to pay increased charges for upward and downward rent reviews. Briefly looks at the problem of stress among property managers and the potential effect of broadbands on investment in smaller firms. | ||
| 590 | _aWB | ||
| 650 | _aPROPERTY MANAGERS | ||
| 650 | _aCORPORATE REAL ESTATE | ||
| 650 | _aMANAGEMENT-BUSINESS MANAGEMENT-FINANCIAL MANAGEMENT-ACCOUNTING | ||
| 650 | _aRENTS | ||
| 650 | _aSTRESS | ||
| 650 | _aBROADBAND | ||
| 690 |
_aPROPERTY MANAGEMENT _96262 |
||
| 942 | _n0 | ||
| 999 |
_c64846 _d64846 |
||